000 01819nam0a2200349 4500
001 RU\NLR\bibl\171591
005 20260406153316.0
010 _a5-7858-0049-7
_930000
021 _aRU
_b2001-16334
_9757
035 _a(NLR Aleph) 000168368
090 _a969748
_c969748
100 _a20010720d2000 |||y0rusy50 ca
101 0 _arus
102 _aRU
105 _ay |||||||||
200 1 _aГражданский процессуальный кодекс РСФСР
_eКоммент. и постатейн. материалы. Судеб. и адвокат. практика. Образцы документов
_eПракт. пособие
_fЕ.П. Данилов
_gМеждунар. союз (содружество) адвокатов
210 _aМ.
_cПраво и закон
_d2000
215 _a824 с.
_d22
225 1 _aСерия "Справочник адвоката"
_fГл. ред. Е.П. Данилов
_vКн. 5
320 _aБиблиогр.: с. 824
320 _aДр. работы авт. на 1-й с.
604 _171002$aРСФСР
_1500##$aГражданский процессуальный кодекс$jКомментарии$2nlr_sh2$3RU\NLR\AUTH\661370756
_aРСФСР
_tГражданский процессуальный кодекс
_jКомментарии
_92288596
_3RU\NLR\AUTH\661370756
606 0 _aГражданский процессуальный кодекс
_jКомментарии
_yРСФСР
_9890310
_3RU\NLR\AUTH\66321908
686 1 _aХ629.2-324.9(2Р)
700 1 _4070
_8rus
_7ca
_aДанилов
_bЕ. П.
_cюрист
_f1946-
_gЕвгений Петрович
_3RU\NLR\auth\776305
_9116259
801 0 _aRU
_bNLR
_c20010720
_gPSBO
801 1 _aRU
_bNLR
_c20010720
830 _aАвт. по кн.
942 _cBOOK
980 _aNB